Bibliografía de la poesía áurea (Record no. 185389)
[ view plain ]
| 000 -LEADER | |
|---|---|
| campo de control de longitud fija | 01231nam a2200253 i 4500 |
| 001 - NÚMERO DE CONTROL | |
| campo de control | 185389 |
| 003 - IDENTIFICADOR DE NÚMERO DE CONTROL | |
| campo de control | SpMaBN |
| 005 - FECHA Y HORA DE LA ÚLTIMA TRANSACCIÓN | |
| campo de control | 20230906222423.0 |
| 008 - DATOS DE LONGITUD FIJA--INFORMACIÓN GENERAL | |
| campo de control de longitud fija | 160527s2002 xxuh b |||| | spa d |
| 080 ## - NÚMERO DE LA CLASIFICACIÓN DECIMAL UNIVERSAL | |
| Número de la Clasificación Decimal Universal | 821.134.2-14"15/16"(082.2) |
| 245 00 - MENCIÓN DEL TÍTULO | |
| Título | Bibliografía de la poesía áurea |
| Resto del título | : muestra de unos versecillos de la antigua lírica popular que se cantaban en los siglos XVI y XVII / |
| Mención de responsabilidad, etc. | banco de datos preparado por Ralph A. DiFranco, José J. Labrador Herraiz. |
| 246 3# - FORMA VARIANTE DEL TITULO | |
| Título propio/Titulo breve | Bibliografía de la poesía áurea. |
| Nombre de parte o sección de la obra | Banco de datos |
| 260 ## - PUBLICACIÓN, DISTRIBUCIÓN, ETC. | |
| Lugar de publicación, distribución, etc. | Cleveland : |
| Nombre del editor, distribuidor, etc. | [Cleveland State University], |
| Fecha de publicación, distribución, etc. | 2002. |
| 300 ## - DESCRIPCIÓN FÍSICA | |
| Extensión | 20 p. : |
| Otras características físicas | facs. ; |
| Dimensiones | 26 cm. |
| 490 1# - MENCIÓN DE SERIE | |
| Mención de serie | Cancioneros castellanos. |
| -- | Anejo ; |
| Designación de volumen o secuencia | 3 |
| 594 ## - Nota al título y mención de responsabilidad | |
| Nota al título y mención de responsabilidad | En cub.: Obsequio a los amigos de "The 118th MLA Annual Convention, Session 454: The Popular Tradition in Poetry", diciembre 27-30, 2002, New York. |
| 650 #7 - PUNTO DE ACCESO ADICIONAL DE MATERIA--TÉRMINO DE MATERIA | |
| Término de materia o nombre geográfico como elemento de entrada | Poesías líricas españolas- |
| Subdivisión cronológica | S.XVI-XVII. |
| 9 (RLIN) | 159680 |
| 650 #4 - PUNTO DE ACCESO ADICIONAL DE MATERIA--TÉRMINO DE MATERIA | |
| Término de materia o nombre geográfico como elemento de entrada | Cancioneros. |
| 9 (RLIN) | 159681 |
| 700 1# - ENTRADA AGREGADA--NOMBRE PERSONAL | |
| Nombre de persona | DiFranco, Ralph A. |
| 9 (RLIN) | 44793 |
| 700 1# - ENTRADA AGREGADA--NOMBRE PERSONAL | |
| Nombre de persona | Labrador Herraiz, José J. |
| 9 (RLIN) | 69288 |
| 830 0# - PUNTO DE ACCESO ADICIONAL DE SERIE-TÍTULO UNIFORME | |
| Título uniforme | Cancioneros castellanos. |
| -- | Anejo ; |
| Designación de volumen o secuencia | 3 |
| 9 (RLIN) | 225198 |
| 852 ## - LOCALIZACIÓN | |
| Ubicación | ES-MaACL |
| Número de control de estantería | 2330-F-22 |
| Nota libre | . - Dedicatoria autógrafa de J.J. Labrador Herraiz |
| Estatus retirado | Estado de pérdida | Estado de daño | No para préstamo | Colección | Biblioteca de origen | Biblioteca actual | Ubicación en estantería | Fecha de adquisición | Fuente de adquisición | Total de préstamos | Signatura topográfica completa | Código de barras | Visto por última vez | Precio de reemplazo | Tipo de ítem Koha |
|---|---|---|---|---|---|---|---|---|---|---|---|---|---|---|---|
| Colección de folletos | Biblioteca del Ateneo de Madrid | Biblioteca del Ateneo de Madrid | Depósito folletos | 27/05/2016 | 2330-F-22 | 1195317 | 23/02/2023 | 23/02/2023 | Folleto |
